000
00288nam a22001217a 4500
020
_a
NA
082
_2
22
_a
628.320
100
_a
Schroeder Edward D.
245
_a
Wather and waste water treatment /
260
_a
MGH,
_b
MGH,
_c
c1977.
300
_a
370 p, ;
_b
NA
_c
24cm.
942
_2
ddc
_c
CIVIL
_0
1
999
_c
3097
_d
3097